| 000 | 01475cab a22002415a 4500 | ||
|---|---|---|---|
| 001 | L149343 | ||
| 008 | 090821e20100609xxk 000 0 eng d | ||
| 035 | _a(Sirsi) u149343 | ||
| 041 | 0 | _aeng | |
| 100 | 1 | _aMathieu, Paul | |
| 245 | 0 | 2 |
_aUp for grabs? _bLarge-scale land acquisitions are on the increase in developing countries _h[electronic resource] |
| 260 | _c2010 | ||
| 490 |
_aLand Journal _vFebruary-March 2010, 20-24 (3) |
||
| 520 | _aLarge-scale land acquisitions are on the increase in developing countries, with little protection for local populations or consideration for long-term consequences a report on recent IIED-FAO-IFAD-led research. The report "Land grab or development opportunity? Agricultural investment and international land deals in Africa" was published in 2009, and was the result of collaboration between the International Institute for Environment and Development (IIED), the Food and Agriculture Organization of the United Nations (FAO) and International Fund for Agricultural Development (IFAD), analysing key trends and drivers in land acquisitions. | ||
| 590 | _aKA | ||
| 651 | 4 |
_aUnited Kingdom _y |
|
| 690 | _aENVIRONMENTAL AND LAND CONSULTANCY-GEOMATICS-LAND SURVEYING | ||
| 700 | 1 | _aMunro-Faure, Paul W. | |
| 700 | 1 | _aArial, Anni | |
| 700 | 1 | _aTörhönen, Mika-Petteri | |
| 856 | 4 | 8 |
_uhttps://www.rics.org/site/download_feed.aspx?fileID=5761&fileExtension=PDF _zView this item (member-only access) at www.rics.org |
| 942 | _n0 | ||
| 999 |
_c82146 _d82146 |
||